Elementary statistics /

Bibliographic Details
Main Author: Triola, Mario F.
Format: Book
Language:English
Published: Menlo Park, Calif. : Benjamin/Cummings Pub. Co., [1986]
Edition:3rd ed.
Subjects:

MARC

Tag First Indicator Second Indicator Subfields
LEADER 00000cam a2200000 a 4500
001 in00000014730
005 20151007052855.0
008 850820s1986 caua 00110 eng
010 |a  85020012  
020 |a 0805393277 
035 |a (OCoLC)12550652 
035 |9 AAA9525AM 
040 |a DLC  |c DLC  |d m/c  |d TXA  |d UtOrBLW 
049 |a [Curr Col] TXAM  |d [  |v = text  |p = Suppl.]  |c 1  |v [A12586768]  |p  1 [A12586700], 2  |v [A12586522] 
050 0 0 |a QA276.12  |b .T76 1986 
082 0 |a 519.5  |2 19 
100 1 |a Triola, Mario F. 
245 1 0 |a Elementary statistics /  |c Mario F. Triola. 
250 |a 3rd ed. 
264 1 |a Menlo Park, Calif. :  |b Benjamin/Cummings Pub. Co.,  |c [1986] 
264 4 |c ©1986 
300 |a xviii, 581, 82 pages :  |b color illustrations ;  |c 24 cm. +  |e instructor's guide. 
336 |a text  |b txt  |2 rdacontent 
337 |a unmediated  |b n  |2 rdamedia 
338 |a volume  |b nc  |2 rdacarrier 
500 |a Grade 10. 
500 |a Includes index. 
650 0 |a Statistics. 
999 |a MARS 
999 f f |s 24e2a8af-a06c-374a-8103-da51dc0af708  |i 4a536fff-c225-3d28-83c7-ba6ffd277ec5  |t 0 
952 f f |p normal  |a Texas A&M University  |b College Station  |c Sterling C. Evans Library  |d Evans: Library Stacks  |t 0  |e QA276.12 .T76 1986  |h Library of Congress classification  |i unmediated -- volume  |k Student ed.  |m A14812586522 
952 f f |p normal  |a Texas A&M University  |b College Station  |c Sterling C. Evans Library  |d Evans: Library Stacks  |t 0  |e QA276.12 .T76 1986  |h Library of Congress classification  |i unmediated -- volume  |k Suppl.1  |m A14812586700 
998 f f |a QA276.12 .T76 1986  |s Suppl.1  |t 0  |l Evans: Library Stacks